| 000 | 00435nam a2200169 a 4500 | ||
|---|---|---|---|
| 001 | 0000-9209 | ||
| 003 | ELIB.Books | ||
| 008 | 110520 1995 | ||
| 035 | _a(ELIB.Books)0000-9361 | ||
| 082 |
_a220.06 _bSug |
||
| 100 | _aSugirtharajah, R. S. | ||
| 245 | _aVoices from the Margin | ||
| 260 |
_bMaryknoll: Orbis Books _c1995 |
||
| 650 | _aBible | ||
| 942 |
_2ddc _cBK |
||
| 998 |
_cbat _e2011-05-20 _mcat _u2019-07-12 |
||
| 999 |
_c9209 _d9209 |
||